00513nam a2200193Ia 4500003000900000008004100009040001600050080001300066100001800079245005900097250001200156260004400168300001500212650001900227650002400246650001100270650002000281700001800301IN-BaIIA211028s9999 xx 000 0 eng d cIIA Library a535bMAR aMartin, L. C. 0aTechnical opticsbvol. 1cL.C. Martin and W.T. Welford a2nd ed. aLondonbSir Isaac Pitman and Sonsc1966 avii, 399p. aNASA thesaurus aOptical instruments aOptics aPhysical optics aWelford, W.T.